000 00646nam a2200145 a 4500
001 000029510
005 20200930055613.0
008 091123s1959 dr c 001 s spa d
040 _aDO-SdBNP
_bspa
_cBNPHU
082 _axxxx
_bD611g
245 0 0 _aDiscurso pronunciado por el generalísimo Rafael Leónidas Trujillo Molina benefactor de la patria y padre de la patria nueva, en la inaguración del moderno hospital "Miguel Brioso Bustillos" en la Base Aérea "Presidente Trujillo" de San Isidro, el 28 de diciembre de 1958 :
_b1538-1938.
260 _aCiudad Trujillo :
_bEditora del Caribe,
_c1959.
300 _a12 P. : ;
_c23 cm.
049 _aBNPD
999 _c29002
_d29002